<?xml version="1.0" encoding="UTF-8"?>
<record
    xmlns:xsi="http://www.w3.org/2001/XMLSchema-instance"
    xsi:schemaLocation="http://www.loc.gov/MARC21/slim http://www.loc.gov/standards/marcxml/schema/MARC21slim.xsd"
    xmlns="http://www.loc.gov/MARC21/slim">

  <leader>02127nam0a2200349   4500</leader>
  <controlfield tag="001">RU\NLR\bibl\1122386</controlfield>
  <controlfield tag="005">20260407163712.0</controlfield>
  <datafield tag="021" ind1=" " ind2=" ">
    <subfield code="a">RU</subfield>
    <subfield code="b">2007-48445</subfield>
    <subfield code="9">2570</subfield>
  </datafield>
  <datafield tag="035" ind1=" " ind2=" ">
    <subfield code="a">(NLR Aleph) 001109351</subfield>
  </datafield>
  <datafield tag="090" ind1=" " ind2=" ">
    <subfield code="a">1228213</subfield>
    <subfield code="c">1228213</subfield>
  </datafield>
  <datafield tag="100" ind1=" " ind2=" ">
    <subfield code="a">20070830d2006    u  y0rusy50      ca</subfield>
  </datafield>
  <datafield tag="101" ind1="0" ind2=" ">
    <subfield code="a">rus</subfield>
  </datafield>
  <datafield tag="102" ind1=" " ind2=" ">
    <subfield code="a">RU</subfield>
  </datafield>
  <datafield tag="105" ind1=" " ind2=" ">
    <subfield code="a">y   |||||||||</subfield>
  </datafield>
  <datafield tag="200" ind1="1" ind2=" ">
    <subfield code="a">&#x420;&#x443;&#x441;&#x441;&#x43A;&#x430;&#x44F; &#x41F;&#x440;&#x430;&#x432;&#x43E;&#x441;&#x43B;&#x430;&#x432;&#x43D;&#x430;&#x44F; &#x426;&#x435;&#x440;&#x43A;&#x43E;&#x432;&#x44C; &#x432; &#x43C;&#x438;&#x440;&#x43E;&#x432;&#x43E;&#x439; &#x438; &#x43E;&#x442;&#x435;&#x447;&#x435;&#x441;&#x442;&#x432;&#x435;&#x43D;&#x43D;&#x43E;&#x439; &#x438;&#x441;&#x442;&#x43E;&#x440;&#x438;&#x438;</subfield>
    <subfield code="e">&#x43C;&#x430;&#x442;&#x435;&#x440;&#x438;&#x430;&#x43B;&#x44B; &#x412;&#x441;&#x435;&#x440;&#x43E;&#x441;&#x441;&#x438;&#x439;&#x441;&#x43A;&#x43E;&#x439; &#x43D;&#x430;&#x443;&#x447;&#x43D;&#x43E;-&#x43F;&#x440;&#x430;&#x43A;&#x442;&#x438;&#x447;&#x435;&#x441;&#x43A;&#x43E;&#x439; &#x43A;&#x43E;&#x43D;&#x444;&#x435;&#x440;&#x435;&#x43D;&#x446;&#x438;&#x438;, 17-19 &#x43C;&#x430;&#x44F; 2006 &#x433;.</subfield>
    <subfield code="f">&#x41D;&#x438;&#x436;&#x435;&#x433;&#x43E;&#x440;&#x43E;&#x434;. &#x435;&#x43F;&#x430;&#x440;&#x445;&#x438;&#x44F; &#x420;&#x443;&#x441;. &#x41F;&#x440;&#x430;&#x432;&#x43E;&#x441;&#x43B;&#x430;&#x432;. &#x426;&#x435;&#x440;&#x43A;&#x432;&#x438; [&#x438; &#x434;&#x440;.</subfield>
    <subfield code="g">&#x440;&#x435;&#x434;&#x43A;&#x43E;&#x43B;.: &#x43A;.&#x438;&#x441;&#x442;.&#x43D;., &#x434;&#x43E;&#x446;. &#x420;.&#x412;. &#x41A;&#x430;&#x443;&#x440;&#x43A;&#x438;&#x43D; (&#x43E;&#x442;&#x432;. &#x440;&#x435;&#x434;.) &#x438; &#x434;&#x440;.]</subfield>
  </datafield>
  <datafield tag="210" ind1=" " ind2=" ">
    <subfield code="a">&#x41D;&#x438;&#x436;&#x43D;&#x438;&#x439; &#x41D;&#x43E;&#x432;&#x433;&#x43E;&#x440;&#x43E;&#x434;</subfield>
    <subfield code="c">&#x41D;&#x438;&#x436;&#x435;&#x433;&#x43E;&#x440;&#x43E;&#x434;&#x441;&#x43A;&#x438;&#x439; &#x433;&#x43E;&#x441;&#x443;&#x434;&#x430;&#x440;&#x441;&#x442;&#x432;&#x435;&#x43D;&#x43D;&#x44B;&#x439; &#x43F;&#x435;&#x434;&#x430;&#x433;&#x43E;&#x433;&#x438;&#x447;&#x435;&#x441;&#x43A;&#x438;&#x439; &#x443;&#x43D;&#x438;&#x432;&#x435;&#x440;&#x441;&#x438;&#x442;&#x435;&#x442;</subfield>
    <subfield code="d">2006</subfield>
  </datafield>
  <datafield tag="215" ind1=" " ind2=" ">
    <subfield code="a">441 &#x441;.</subfield>
    <subfield code="d">20</subfield>
  </datafield>
  <datafield tag="300" ind1=" " ind2=" ">
    <subfield code="a">&#x412; &#x43D;&#x430;&#x434;&#x437;&#x430;&#x433;. &#x442;&#x430;&#x43A;&#x436;&#x435;: &#x426;&#x435;&#x43D;&#x442;&#x440; &#x438;&#x441;&#x442;&#x43E;&#x440;&#x438;&#x438; &#x438; &#x446;&#x435;&#x440;&#x43A;&#x432;&#x438; &#x432; &#x420;&#x43E;&#x441;&#x441;&#x438;&#x438; &#x418;&#x43D;-&#x442;&#x430; &#x440;&#x43E;&#x441;. &#x438;&#x441;&#x442;&#x43E;&#x440;&#x438;&#x438; &#x420;&#x410;&#x41D;, &#x41D;&#x438;&#x436;&#x435;&#x433;&#x43E;&#x440;&#x43E;&#x434;. &#x433;&#x43E;&#x441;. &#x43F;&#x435;&#x434;. &#x443;&#x43D;-&#x442;, &#x41D;&#x438;&#x436;&#x435;&#x433;&#x43E;&#x440;&#x43E;&#x434;. &#x433;&#x43E;&#x441;. &#x443;&#x43D;-&#x442; &#x438;&#x43C;. &#x41D;.&#x418;. &#x41B;&#x43E;&#x431;&#x430;&#x447;&#x435;&#x432;&#x441;&#x43A;&#x43E;&#x433;&#x43E;</subfield>
  </datafield>
  <datafield tag="320" ind1=" " ind2=" ">
    <subfield code="a">&#x411;&#x438;&#x431;&#x43B;&#x438;&#x43E;&#x433;&#x440;. &#x432; &#x43F;&#x43E;&#x434;&#x441;&#x442;&#x440;&#x43E;&#x447;. &#x43F;&#x440;&#x438;&#x43C;&#x435;&#x447;.</subfield>
  </datafield>
  <datafield tag="601" ind1="0" ind2="2">
    <subfield code="a">&#x420;&#x443;&#x441;&#x441;&#x43A;&#x430;&#x44F; &#x43F;&#x440;&#x430;&#x432;&#x43E;&#x441;&#x43B;&#x430;&#x432;&#x43D;&#x430;&#x44F; &#x446;&#x435;&#x440;&#x43A;&#x43E;&#x432;&#x44C;</subfield>
    <subfield code="j">&#x421;&#x44A;&#x435;&#x437;&#x434;&#x44B;, &#x441;&#x43E;&#x432;&#x435;&#x449;&#x430;&#x43D;&#x438;&#x44F; &#x438; &#x442;.&#x43F;.</subfield>
    <subfield code="9">945315</subfield>
    <subfield code="3">RU\NLR\auth\6631882</subfield>
  </datafield>
  <datafield tag="686" ind1=" " ind2=" ">
    <subfield code="a">&#x42D;372.24,0</subfield>
  </datafield>
  <datafield tag="702" ind1=" " ind2="1">
    <subfield code="a">&#x41A;&#x430;&#x443;&#x440;&#x43A;&#x438;&#x43D;</subfield>
    <subfield code="b">&#x420;. &#x412;.</subfield>
    <subfield code="g">&#x420;&#x430;&#x434;&#x438;&#x441;&#x43B;&#x430;&#x432; &#x412;&#x44F;&#x447;&#x435;&#x441;&#x43B;&#x430;&#x432;&#x43E;&#x432;&#x438;&#x447;</subfield>
    <subfield code="4">340</subfield>
  </datafield>
  <datafield tag="711" ind1="1" ind2="2">
    <subfield code="a">"&#x420;&#x443;&#x441;&#x441;&#x43A;&#x430;&#x44F; &#x43F;&#x440;&#x430;&#x432;&#x43E;&#x441;&#x43B;&#x430;&#x432;&#x43D;&#x430;&#x44F; &#x446;&#x435;&#x440;&#x43A;&#x43E;&#x432;&#x44C; &#x432; &#x43C;&#x438;&#x440;&#x43E;&#x432;&#x43E;&#x439; &#x438; &#x43E;&#x442;&#x435;&#x447;&#x435;&#x441;&#x442;&#x432;&#x435;&#x43D;&#x43D;&#x43E;&#x439; &#x438;&#x441;&#x442;&#x43E;&#x440;&#x438;&#x438;", &#x432;&#x441;&#x435;&#x440;&#x43E;&#x441;&#x441;&#x438;&#x439;&#x441;&#x43A;&#x430;&#x44F; &#x43D;&#x430;&#x443;&#x447;&#x43D;&#x43E;-&#x43F;&#x440;&#x430;&#x43A;&#x442;&#x438;&#x447;&#x435;&#x441;&#x43A;&#x430;&#x44F; &#x43A;&#x43E;&#x43D;&#x444;&#x435;&#x440;&#x435;&#x43D;&#x446;&#x438;&#x44F;</subfield>
    <subfield code="f">2006</subfield>
    <subfield code="e">&#x41D;&#x438;&#x436;&#x43D;&#x438;&#x439; &#x41D;&#x43E;&#x432;&#x433;&#x43E;&#x440;&#x43E;&#x434;</subfield>
    <subfield code="3">RU\NLR\AUTH\8810102595</subfield>
    <subfield code="9">705810</subfield>
  </datafield>
  <datafield tag="801" ind1=" " ind2="0">
    <subfield code="a">RU</subfield>
    <subfield code="b">NLR</subfield>
    <subfield code="c">20070830</subfield>
    <subfield code="g">RCR</subfield>
  </datafield>
  <datafield tag="801" ind1=" " ind2="1">
    <subfield code="a">RU</subfield>
    <subfield code="b">NLR</subfield>
    <subfield code="c">20070830</subfield>
  </datafield>
  <datafield tag="942" ind1=" " ind2=" ">
    <subfield code="c">BOOK</subfield>
  </datafield>
  <datafield tag="980" ind1=" " ind2=" ">
    <subfield code="a">NB</subfield>
  </datafield>
  <datafield tag="980" ind1=" " ind2=" ">
    <subfield code="a">NBR</subfield>
  </datafield>
  <datafield tag="995" ind1=" " ind2=" ">
    <subfield code="5">2007-08-30</subfield>
    <subfield code="a">ad</subfield>
    <subfield code="b">NLR01</subfield>
    <subfield code="c">NLR01</subfield>
    <subfield code="e">RF9</subfield>
    <subfield code="f">1-2355744</subfield>
    <subfield code="k">2007-3/24208</subfield>
    <subfield code="o">0</subfield>
    <subfield code="r">BOOK</subfield>
    <subfield code="s">2007324208_</subfield>
  </datafield>
</record>
